000
00270nam a2200097Ia 4500
008
220204s9999 xx 000 0 und d
082
_a
058
_b
ASH
245
0
_a
Ashoka guide book for equipment and chemicals
260
_a
Ambala Cantt
_b
Educational Trade Buildes
942
_c
BK
999
_c
19795
_d
19795